000
00240nam a2200097Ia 4500
008
220204s9999 xx 000 0 und d
082
_a
82-34
_b
BON
245
0
_a
Chines fairy tales
260
_a
Bombay
_b
Somaiya Publications
_c
1969
942
_c
BK
999
_c
31131
_d
31131